| 000 | 00326nam a22001337a 4500 | ||
|---|---|---|---|
| 999 |
_c532932 _d532932 |
||
| 003 | NUST | ||
| 038 | _aM.Ramzan | ||
| 082 |
_a343.4107869 _bCHA |
||
| 100 |
_aChappell, David. _926546 |
||
| 245 | _aConstruction contacts: Questions & Answers / | ||
| 260 |
_aLondon: _bSpon Press, _c2010. |
||
| 300 | _a315 p, : | ||
| 942 |
_2ddc _cBK |
||